000 00662nam a2200241Ia 4500
003 OSt
005 20220928124440.0
006 a|||||r|||| 00| 0
007 ta
008 220927b |||||||| |||| 00| 0 eng d
024 _a69673
037 _cTextual
040 _aSDCL
_cSDCL
_beng
041 _2eng
_aeng
082 _aX:9581:(B), P3
100 _aSimonovits Andras
_9465319
245 0 _aModeling pension systems
260 _aNew York
_b Palgrave Macmillian
_c2003
300 _axvi,236p
_ccm.
650 _aPension Plans Modelling
_9465320
942 _hX:9581:(B), P3
_cTEXL
_2CC
999 _c778198
_d778198